<?xml version="1.0" encoding="UTF-8"?>
<record
    xmlns:xsi="http://www.w3.org/2001/XMLSchema-instance"
    xsi:schemaLocation="http://www.loc.gov/MARC21/slim http://www.loc.gov/standards/marcxml/schema/MARC21slim.xsd"
    xmlns="http://www.loc.gov/MARC21/slim">

  <leader>01194nam a22002417a 4500</leader>
  <datafield tag="999" ind1=" " ind2=" ">
    <subfield code="c">7507</subfield>
    <subfield code="d">7507</subfield>
  </datafield>
  <controlfield tag="003">AR-CdUCM</controlfield>
  <controlfield tag="008">190320b           ||||| |||| 00| 0 spa d</controlfield>
  <datafield tag="040" ind1=" " ind2=" ">
    <subfield code="a">MUNICIPALIDAD PROVINCIAL DEL CUSCO</subfield>
    <subfield code="c">BIBLIOTECA MUNICIPAL DEL CUSCO</subfield>
  </datafield>
  <datafield tag="082" ind1=" " ind2=" ">
    <subfield code="a">331.34098561 / </subfield>
    <subfield code="b">J8</subfield>
  </datafield>
  <datafield tag="245" ind1=" " ind2=" ">
    <subfield code="a">Juventud y cultura del emprendimiento en el Cusco : </subfield>
    <subfield code="b"> mejoramiento de los servicios municipales orientados a mejorar la inserci&#xF3;n al mercado laboral de los j&#xF3;venes del Cusco /</subfield>
  </datafield>
  <datafield tag="260" ind1=" " ind2=" ">
    <subfield code="a">Cusco : </subfield>
    <subfield code="b">Municipalidad Provincial de Cusco, </subfield>
    <subfield code="c">2018.</subfield>
  </datafield>
  <datafield tag="300" ind1=" " ind2=" ">
    <subfield code="a">155 p&#xE1;ginas ; </subfield>
    <subfield code="c">28.5 cm.</subfield>
  </datafield>
  <datafield tag="505" ind1=" " ind2=" ">
    <subfield code="a">Contenido: Enfocando el problema: mercado laboral de los j&#xF3;venes en el Cusco -- &#xBF;C&#xF3;mo y porqu&#xE9; nace el proyecto?-- Tomando acci&#xF3;n desde la municipalidad: soluciones y desaf&#xED;os ...</subfield>
  </datafield>
  <datafield tag="650" ind1=" " ind2=" ">
    <subfield code="a">J&#xF3;venes - Trabajo - Per&#xFA; - Cusco.</subfield>
    <subfield code="9">21187</subfield>
  </datafield>
  <datafield tag="650" ind1=" " ind2=" ">
    <subfield code="a">Mercado de trabajo - Per&#xFA; - Cusco</subfield>
    <subfield code="9">21188</subfield>
  </datafield>
  <datafield tag="650" ind1=" " ind2=" ">
    <subfield code="a">Estad&#xED;stica - Per&#xFA; - Cusco</subfield>
    <subfield code="9">21189</subfield>
  </datafield>
  <datafield tag="650" ind1=" " ind2=" ">
    <subfield code="a">Mercado laboral - Cusco - Per&#xFA;</subfield>
    <subfield code="9">21190</subfield>
  </datafield>
  <datafield tag="700" ind1=" " ind2=" ">
    <subfield code="a">Ch&#xE1;vez Huam&#xE1;n, Erika</subfield>
    <subfield code="9">21191</subfield>
  </datafield>
  <datafield tag="700" ind1=" " ind2=" ">
    <subfield code="a">Mirano Suc&#xF1;ier, Braulio Eddy (Editores)</subfield>
    <subfield code="9">21192</subfield>
  </datafield>
  <datafield tag="710" ind1=" " ind2=" ">
    <subfield code="a">Municipalidad Provincial del Cusco</subfield>
    <subfield code="9">5084</subfield>
  </datafield>
  <datafield tag="942" ind1=" " ind2=" ">
    <subfield code="2">ddc</subfield>
    <subfield code="c">LIBROS</subfield>
  </datafield>
  <datafield tag="945" ind1=" " ind2=" ">
    <subfield code="a">lccs</subfield>
  </datafield>
  <datafield tag="952" ind1=" " ind2=" ">
    <subfield code="0">0</subfield>
    <subfield code="2">ddc</subfield>
    <subfield code="4">0</subfield>
    <subfield code="7">0</subfield>
    <subfield code="a">SH</subfield>
    <subfield code="b">SH</subfield>
    <subfield code="c">CART</subfield>
    <subfield code="d">2019-03-20</subfield>
    <subfield code="g">95.00</subfield>
    <subfield code="o">331.34098561 /  J8</subfield>
    <subfield code="p">SH0000008448</subfield>
    <subfield code="r">2019-03-20</subfield>
    <subfield code="y">LIBROS</subfield>
  </datafield>
</record>
